Orientation in the designed environment : wayfinding in a hospital complex /

Bibliographic Details
Main Author: Vavra, Amzi Sharon Crenshaw
Format: Thesis eBook
Language:English
Published: [Place of publication not identified] : [publisher not identified] ; 1981.
Subjects:
Online Access:Link to OAKTrust copy

MARC

Tag First Indicator Second Indicator Subfields
LEADER 00000cam a2200000 a 4500
001 in00000099333
005 20220103114827.0
007 cr unu a
008 821203s1981 txua b 00010 eng d
035 |9 AAL0211AM 
035 |a (OCoLC)09013694 
040 |a TXA  |c TXA  |d UtOrBLW 
049 |a TXAZ [Also in] [Archives]  |c 1 [1803774], 2 [1803775] 
099 |a 1981   |a Thesis   |a V391 
100 1 |a Vavra, Amzi Sharon Crenshaw. 
245 1 0 |a Orientation in the designed environment :  |b wayfinding in a hospital complex /  |c by Amzi Sharon Crenshaw Vavra. 
264 1 |a [Place of publication not identified] :  |b [publisher not identified] ;  |c 1981. 
300 |a vii, 80 leaves :  |b illustrations ;  |c 29 cm. 
336 |a text  |b txt  |2 rdacontent 
337 |a computer  |b c  |2 rdamedia 
338 |a online resource  |b cr  |2 rdacarrier 
500 |a "Major subject: Geography." 
500 |a Typescript (photocopy) 
500 |a Vita. 
502 |b M.S.  |c Texas A&M University  |d 1981. 
504 |a Bibliography: leaves 65-67. 
530 |a Also available online. 
650 0 |a Geographical perception. 
650 0 |a Orientation (Psychology) 
650 0 |a Space perception. 
650 4 |a Major geography. 
856 4 1 |u https://hdl.handle.net/1969.1/ETD-TAMU-1981-THESIS-V391  |z Link to OAKTrust copy  |t 0 
999 |a MARS 
999 f f |s 4e5f2d38-a62b-3e01-beba-60520cced774  |i 194f396f-dd82-338c-b818-09f6b8e04e4c  |t 0 
952 f f |p noncirc  |a Texas A&M University  |b J.J. Pickle Campus  |c High Density Repository  |s HDR  |d Remote Storage  |t 0  |e 1981 Thesis V391  |h Other scheme  |i computer -- online resource  |m A14841003357 
952 f f |a Texas A&M University  |b College Station  |c Electronic Resources  |s www_evans  |d Available Online  |t 0  |e 1981 Thesis V391  |h Other scheme 
998 f f |a 1981 Thesis V391  |t 0  |l Remote Storage 
998 f f |a 1981 Thesis V391  |t 0  |l Available Online